ბათუმის შოთა რუსთაველის სახელმწიფო უნივერსიტეტის ბიბლიოთეკა

მშობლიური ენა : (ბიბ.ჩანაწერი № 54752)

000 -ლიდერი
ფიქსირებული სიგრძის საკონტროლო ველი 01173nam a2200265Ia 4500
001 - საკონტროლო ნომერი
საკონტროლო ველი 21819
003 - საკონტროლო ნომრის იდენტიფიკატორი
საკონტროლო ველი GE_BSU
005 - ბოლო ოპერაციის თარიღი და დრო
საკონტროლო ველი 20220520154947.0
008 - ფიქსირებული სიგრძის მონაცემთა ელემენტები - ზოგადი ინფორმაცია
ფიქსირებული სიგრძის საკონტროლო ველი 181216s[?] ||||ge |||||||||||||| ||geo||
020 ## - წიგნის საერთაშორისო სტანდარტული ნომერი
International Standard Book Number 99928-28-92-7
040 ## - კატალოგიზაციის წყარო
Transcribing agency GE_BSU
041 ## - ენის კოდი
Language code of text/sound track or separate title geo
080 ## - უნივერსალური ათობითი კლასიფიკაციის ინდექსი
Universal Decimal Classification number 821.353.1(075.3) მ-97
245 ## - ცნობა სათაურის შესახებ
Title მშობლიური ენა :
Remainder of title მე-3 კლ. /
Statement of responsibility, etc ვახტანგ როდონაია, ლალი ვაშაკიძე, დარეჯან კახიანი და სხვ. ; მხატვ. ზაურ დეისაძე.
264 ## - წარმოების, გამოცემის, დისტრიბუციის და სხვა ცნობები
გამოცემის, წარმოების, დისტრიბუციის... ადგილი თბილისი :
გამოცემის, წარმოების, დისტრიბუციის... სახელწოდება საქართველოს მაცნე,
გამოცემის, წარმოების, დისტრიბუციის... თარიღი [?].
300 ## - ფიზიკური აღწერა
Extent 57გვ. :
Other physical details ილ. ;
Dimensions 28 სმ.
653 ## - INDEX TERM--UNCONTROLLED
Uncontrolled term მშობლიური ენა
653 ## - INDEX TERM--UNCONTROLLED
Uncontrolled term მე-3 კლასი
653 ## - INDEX TERM--UNCONTROLLED
Uncontrolled term ქართული ენა
700 ## - ADDED ENTRY--PERSONAL NAME
Personal name როდონაია, ვახტანგ
Relator term ავტორი
9 (RLIN) 13799
700 ## - ADDED ENTRY--PERSONAL NAME
Personal name ვაშაკიძე, ლალი
Relator term ავტორი
9 (RLIN) 13800
700 ## - ADDED ENTRY--PERSONAL NAME
Personal name დეისაძე, ზაურ
Relator term მხატვარი
9 (RLIN) 13801
942 ## - ADDED ENTRY ELEMENTS (KOHA)
Koha item type წიგნი
Source of classification or shelving scheme
ეგზემპლარები
ჩამოწერის სტატუსი დაკარგული ეგზემპლარის სტატუსი კლასიფიკაციის წყარო ან თაროზე გაწყობის სქემა დაზიანების სტატუსი არ გაიცემა მუდმივი მდებარეობა (დაცვის ადგილი) ამჟამინდელი ადგილსამყოფელი თაროზე განთავსების ადგილი შეძენის თარიღი ღირებულება, შესყიდვის ნორმალური ფასი სრული შენახვის შიფრი შტრიხკოდი ბოლო ოპერაციის თარიღი ეგზემპლარის მიმდევრობითი ნომერი (კეტერი?) ფასის ძალაში შესვლის თარიღი ეგზემპლარის სახეობა საჯარო შენიშვნა
          ბათუმის შოთა რუსთაველის სახელმწიფო უნივერსიტეტის მთავარი ბიბლიოთეკა ბათუმის შოთა რუსთაველის სახელმწიფო უნივერსიტეტის მთავარი ბიბლიოთეკა წიგნსაცავი 2018-12-17 8.00 821.353.1(075.3) მ-97 56270 2018-12-17 56270 2018-12-17 წიგნი 8.00₾.
          ბათუმის შოთა რუსთაველის სახელმწიფო უნივერსიტეტის მთავარი ბიბლიოთეკა ბათუმის შოთა რუსთაველის სახელმწიფო უნივერსიტეტის მთავარი ბიბლიოთეკა წიგნსაცავი 2018-12-17 8.00 821.353.1(075.3) მ-97 56271 2018-12-17 56271 2018-12-17 წიგნი 8.00₾.
          ბათუმის შოთა რუსთაველის სახელმწიფო უნივერსიტეტის მთავარი ბიბლიოთეკა ბათუმის შოთა რუსთაველის სახელმწიფო უნივერსიტეტის მთავარი ბიბლიოთეკა წიგნსაცავი 2018-12-17 8.00 821.353.1(075.3) მ-97 56272 2018-12-17 56272 2018-12-17 წიგნი 8.00₾.
          ბათუმის შოთა რუსთაველის სახელმწიფო უნივერსიტეტის მთავარი ბიბლიოთეკა ბათუმის შოთა რუსთაველის სახელმწიფო უნივერსიტეტის მთავარი ბიბლიოთეკა წიგნსაცავი 2018-12-17 8.00 821.353.1(075.3) მ-97 56273 2018-12-17 56273 2018-12-17 წიგნი 8.00₾.